Aggression: eine sozial-lerntheoretische Analyse
| Main Author: | |
|---|---|
| Contributors: | |
| Format: | Print Book |
| Language: | German |
| Subito Delivery Service: | Order now. |
| Check availability: | HBZ Gateway |
| WorldCat: | WorldCat |
| Interlibrary Loan: | Interlibrary Loan for the Fachinformationsdienste (Specialized Information Services in Germany) |
| Published: |
Stuttgart
Klett-Cotta
1979
|
| In: | Year: 1979 |
| Edition: | 1. Aufl. |
| Standardized Subjects / Keyword chains: | B
Aggressiveness
|
| Further subjects: | B
Learning
B Soziale Entwicklung B Psychologische Theorie B Psychology of learning B Verhaltensänderung B Imitationslernen B Aggressiveness |
| Online Access: |
Table of Contents |
MARC
| LEADER | 00000cam a2200000 c 4500 | ||
|---|---|---|---|
| 001 | 023116021 | ||
| 003 | DE-627 | ||
| 005 | 20250817103457.0 | ||
| 007 | tu | ||
| 008 | 710101s1979 gw ||||| 00| ||ger c | ||
| 015 | |a 78,N44,0027 |2 dnb | ||
| 015 | |a 79,A16,0066 |2 dnb | ||
| 016 | 7 | |a 790174677 |2 DE-101 | |
| 020 | |a 3129205217 |9 3-12-920521-7 | ||
| 035 | |a (DE-627)023116021 | ||
| 035 | |a (DE-576)007025033 | ||
| 035 | |a (DE-599)GBV023116021 | ||
| 035 | |a (OCoLC)46137203 | ||
| 035 | |a (OCoLC)46137203 | ||
| 035 | |a (DE-604)8033188572 | ||
| 040 | |a DE-627 |b ger |c DE-627 |e rakwb | ||
| 041 | |a ger |h eng | ||
| 044 | |c XA-DE | ||
| 084 | |a PSY 150 (10) |2 sfb | ||
| 084 | |a 03b |2 sdnb | ||
| 084 | |a 1 |2 ssgn | ||
| 084 | |a CP 3800 |2 rvk |0 (DE-625)rvk/18982: | ||
| 084 | |a CP 3500 |2 rvk |0 (DE-625)rvk/18979: | ||
| 084 | |a 77.46 |2 bkl | ||
| 090 | |a a | ||
| 100 | 1 | |0 (DE-588)11865232X |0 (DE-627)079437834 |0 (DE-576)160162289 |4 aut |a Bandura, Albert |d 1925-2021 | |
| 109 | |a Bandura, Albert 1925-2021 |a Bandura, A. 1925-2021 | ||
| 240 | 1 | 0 | |a Aggression : a social learning analysis <dt.> |
| 245 | 1 | 0 | |a Aggression |b eine sozial-lerntheoretische Analyse |c Albert Bandura |
| 250 | |a 1. Aufl. | ||
| 264 | 1 | |a Stuttgart |b Klett-Cotta |c 1979 | |
| 300 | |a 407 S. |b Ill., graph. Darst. | ||
| 336 | |a Text |b txt |2 rdacontent | ||
| 337 | |a ohne Hilfsmittel zu benutzen |b n |2 rdamedia | ||
| 338 | |a Band |b nc |2 rdacarrier | ||
| 500 | |a Literaturverz. S. 357 - 381. - Aus dem Amerikan. übers | ||
| 583 | 1 | |a Archivierung/Langzeitarchivierung gewährleistet |f PEBW |x XA-DE-BW |2 pdager |5 DE-24 | |
| 583 | 1 | |a Archivierung/Langzeitarchivierung gewährleistet |f SSG |x XA-DE-BW |2 pdager |5 DE-21 | |
| 650 | 0 | |a Aggressiveness | |
| 650 | 0 | |a Learning | |
| 650 | 4 | |a Aggression | |
| 650 | 4 | |a Soziale Entwicklung | |
| 650 | 4 | |a Psychologische Theorie | |
| 650 | 4 | |a Imitationslernen | |
| 650 | 4 | |a Lernpsychologie | |
| 650 | 4 | |a Verhaltensänderung | |
| 689 | 0 | 0 | |d s |0 (DE-588)4000732-7 |0 (DE-627)106400215 |0 (DE-576)208839216 |2 gnd |a Aggression |
| 689 | 0 | |5 (DE-627) | |
| 700 | 1 | 2 | |a Bandura, Albert |d 1925-2021 |t Aggression : a social learning analysis <dt.> |
| 700 | 1 | 2 | |a Bandura, Albert |d 1925-2021 |t Aggression <dt.> |
| 700 | 1 | |a Olligschläger, Uwe |4 oth | |
| 856 | 4 | 2 | |u http://d-nb.info/790174677/04 |m V:DE-603 |q application/pdf |v 20130501 |x Verlag |3 Inhaltsverzeichnis |7 1 |
| 889 | |w (DE-627)43593225X | ||
| 935 | |a mteo | ||
| 935 | |i mdedup | ||
| 935 | |i sf | ||
| 935 | |i Blocktest | ||
| 936 | r | v | |a CP 3800 |b Aggression, Frustration |k Psychologie |k Allgemeine Psychologie |k Konflikt, Angst, Aggression, Frustration, Stress |k Aggression, Frustration |0 (DE-627)1270707809 |0 (DE-625)rvk/18982: |0 (DE-576)200707809 |
| 936 | r | v | |a CP 3500 |b Zusammenfassendes und allgemeine Darstellungen |k Psychologie |k Allgemeine Psychologie |k Konflikt, Angst, Aggression, Frustration, Stress |k Zusammenfassendes und allgemeine Darstellungen |0 (DE-627)1429797266 |0 (DE-625)rvk/18979: |0 (DE-576)359797261 |
| 936 | b | k | |a 77.46 |j Emotion |0 (DE-627)106418432 |
| 951 | |a BO | ||
| ELC | |b 1 | ||
| ITA | |a 1 |t 1 | ||
| LOK | |0 000 xxxxxcx a22 zn 4500 | ||
| LOK | |0 001 3137984106 | ||
| LOK | |0 003 DE-627 | ||
| LOK | |0 004 023116021 | ||
| LOK | |0 005 20010309000000 | ||
| LOK | |0 008 961206||||||||||||||||ger||||||| | ||
| LOK | |0 040 |a DE-21 |c DE-627 |d DE-21 | ||
| LOK | |0 852 |a DE-21 | ||
| LOK | |0 852 1 |c 19 A 5111 |9 00 | ||
| LOK | |0 935 |a kram |a konv | ||
| LOK | |0 939 |a 06-12-96 |b l01 | ||
| LOK | |0 000 xxxxxcx a22 zn 4500 | ||
| LOK | |0 001 3137984173 | ||
| LOK | |0 003 DE-627 | ||
| LOK | |0 004 023116021 | ||
| LOK | |0 005 20100408125814 | ||
| LOK | |0 008 970123||||||||||||||||ger||||||| | ||
| LOK | |0 040 |a DE-21-35 |c DE-627 |d DE-21-35 | ||
| LOK | |0 541 |e 1979/59633 | ||
| LOK | |0 852 |a DE-21-35 | ||
| LOK | |0 852 1 |c Pp 2.305A |m p |9 00 | ||
| LOK | |0 938 |k p | ||
| LOK | |0 939 |a 23-01-97 |b l01 | ||
| LOK | |0 000 xxxxxcx a22 zn 4500 | ||
| LOK | |0 001 3137984181 | ||
| LOK | |0 003 DE-627 | ||
| LOK | |0 004 023116021 | ||
| LOK | |0 005 20100407031113 | ||
| LOK | |0 008 050308||||||||||||||||ger||||||| | ||
| LOK | |0 040 |a DE-21-37 |c DE-627 |d DE-21-37 | ||
| LOK | |0 541 |e 14853 | ||
| LOK | |0 852 |a DE-21-37 | ||
| LOK | |0 852 1 |c G 514 |m p |9 00 | ||
| LOK | |0 935 |a k037 | ||
| LOK | |0 938 |k p | ||
| LOK | |0 939 |a 08-03-05 |b l01 | ||
| LOK | |0 000 xxxxxcx a22 zn 4500 | ||
| LOK | |0 001 313798419X | ||
| LOK | |0 003 DE-627 | ||
| LOK | |0 004 023116021 | ||
| LOK | |0 005 20100407035549 | ||
| LOK | |0 008 030313||||||||||||||||ger||||||| | ||
| LOK | |0 040 |a DE-21-51 |c DE-627 |d DE-21-51 | ||
| LOK | |0 541 |e 11843 | ||
| LOK | |0 852 |a DE-21-51 | ||
| LOK | |0 852 1 |c My 42 |m p |9 00 | ||
| LOK | |0 935 |a k051 | ||
| LOK | |0 938 |k p | ||
| LOK | |0 939 |a 13-03-03 |b l01 | ||
| LOK | |0 000 xxxxxcx a22 zn 4500 | ||
| LOK | |0 001 3137984203 | ||
| LOK | |0 003 DE-627 | ||
| LOK | |0 004 023116021 | ||
| LOK | |0 005 20110519145155 | ||
| LOK | |0 008 110519||||||||||||||||ger||||||| | ||
| LOK | |0 040 |a DE-21-43 |c DE-627 |d DE-21-43 | ||
| LOK | |0 541 |e 82/1213 | ||
| LOK | |0 852 |a DE-21-43 | ||
| LOK | |0 852 1 |c Db IX 599 |m p |9 00 | ||
| LOK | |0 935 |a k043 | ||
| LOK | |0 938 |k p | ||
| LOK | |0 939 |a 19-05-11 |b l01 | ||
| ORI | |a SA-MARC-ixtheoa001.raw | ||
| STA | 0 | 0 | |a Aggressiveness,Psychology of learning |
| STB | 0 | 0 | |a Agression,Psychologie de l'apprentissage |
| STC | 0 | 0 | |a Agresión,Psicología de aprendizaje |
| STD | 0 | 0 | |a Aggressività,Psicologia dell'apprendimento |
| STE | 0 | 0 | |a 侵略,侵犯,学习心理学 |
| STF | 0 | 0 | |a 侵略,侵犯,學習心理學 |
| STG | 0 | 0 | |a Agressão,Psicologia da aprendizagem |
| STH | 0 | 0 | |a Агрессия,Психология обучения |
| STI | 0 | 0 | |a Επιθετικότητα,Ψυχολογία της μάθησης |
| SYE | 0 | 0 | |a Aggressives Verhalten , Lernen |
| SYG | 0 | 0 | |a Aggressives Verhalten |